• 首页
  • 本馆介绍
  • 公告通知
  • 最新文献
  • 馆藏检索
  • 电子资源
  • 读者导购
  • 参考咨询
  • 我的图书馆
  • 登录
  • 详细信息显示
  • 放入我的书架
  • 预约/预借图书
  • 作者相关作品
  • 分类相关作品
  • 丛书相关作品
  • 出版社相关作品

书目信息

  • 表格格式
  • 工作单格式
  • 卡片格式
题名:
现代西方伦理学史
    
 
作者: 万俊人 著
分册: 下卷  
出版信息: 北京   北京大学出版社  1992.12
页数: 772页
开本: 20cm
丛书名:
单 册:
中图分类: B82-095 , B113
科图分类: 17.0451
主题词: 伦理学-思想史--西方国家 , 哲学--世界
电子资源:
ISBN: 7-301-01916-5
000 00918nam0 2200289 45
001 2638699048
005 20260414104602.47
010    @a7-301-01916-5@d$25.50
092    @a社科305-714
100    @a19800101d1992 em y0chiy0121 ea
101 0  @achi
102    @aCN@b110000
105    @ay z 000yy
200 10 @a现代西方伦理学史@AXIAN DAI XI FANG LUN LI XUE SHI@h下卷@f万俊人著@FWAN JUN REN ZHU
210    @a北京@c北京大学出版社@d1992.12
215    @a772页@d20cm
314    @a万俊人,北京大学任教
330    @a本书内容包括现象学价值伦理学、存在主义伦理学,新托马斯主义伦理学、新正教派伦理学、新功利主义伦理学和当代美国政治伦理学等。
540 1  @a西方 伦理@AXI FANG LUN LI
606    @a伦理学-思想史@y西方国家
606 0  @a哲学@x世界
690    @aB82-095@v三版
690    @aB113@v4
692    @a17.0451
701  0 @a万俊人@AWAN JUN REN@4著
801  0 @aCN@bTSSF@c19800101
905    @aZUCC@dB113@e92
    
    现代西方伦理学史.下卷/万俊人著.-北京:北京大学出版社,1992.12
    772页;20cm
    
    
    ISBN 7-301-01916-5:$25.50
    本书内容包括现象学价值伦理学、存在主义伦理学,新托马斯主义伦理学、新正教派伦理学、新功利主义伦理学和当代美国政治伦理学等。
●
相关链接 在E读中查询图书 在五车中查询图书 在当当中查询图书 在豆瓣中查询图书


正题名:现代西方伦理学史     索取号:B113/92         预约/预借

序号 登录号 条形码 馆藏地/架位号 状态 备注
1 1442644   214426441   第一样本阅览室/ [索取号:B113/92] 在馆    
唐山师范学院图书馆 欢迎您!
大连网信软件有限公司© 版权所有